Personnages de dessins animés en images - S - Statistiques

Statistiques générales
  • Ce quiz a été pris 952 fois
  • Le résultat moyen est 11 sur 16
Statistiques - réponses
Par images Réponse % Correct
Shrek
98%
Simba
97%
Stitch
97%
Scooby-Doo
92%
Scar
91%
Simplet
85%
Sid
84%
Sven
72%
Spirit
71%
Sully
70%
Sébastien
63%
Sally Carrera
61%
Speedy Gonzalez
54%
Shere Khan
39%
Shan-Yu
17%
Spot
9%
Aucun quiz correspondant
Distribution des résultats
% des personnes avec chaque résultat
Percentile par nombre de réponses
Votre historique - résultats
Vous n’avez pas pris ce quiz